[Event "81st ARM-ch 1st League 2021"]
[Site "Yerevan"]
[Date "2021.01.24"]
[Round "3.2"]
[White "Babujian, Levon"]
[Black "Mikaelyan, Arman"]
[Result "1-0"]
[WhiteElo "2440"]
[BlackElo "2485"]
[Annotator "TA"]
[PlyCount "109"]
[EventDate "2021.01.20"]
[EventType "tourn"]
[EventCountry "ARM"]
[SourceTitle "playchess.com"]
[Source "ChessBase"]
[SourceQuality "1"]

{[%evp 16,109,0,-3,0,-12,17,0,31,22,27,27,55,62,82,57,120,122,208,182,166,122,262,257,258,231,246,235,226,243,237,104,112,0,0,0,4,-42,-44,-32,-33,-35,0,0,0,0,0,0,0,0,0,0,0,0,0,0,247,231,221,85,83,103,87,94,236,243,241,172,169,0,222,231,492,504,490,472,708,683,778,539,1707,600,634,518,638,581,660,662,1106,1095,12839,12839,12840,12840,29989,29990]} 1. e4 c5 2. Nc3 d6 3. f4 Nc6 4. Nf3 g6 5. Bb5 Bd7 6. O-O Bg7 7. d3 a6 8. Bxc6 Bxc6 9. Qe1 Nf6 {B23: Closed Sicilian: Lines without g3.} 10. Qh4 d5 {[%cal Rd5e4]} 11. f5 {[#]} d4 $146 {The position is equal.} ({Predecessor:} 11... dxe4 12. dxe4 gxf5 13. exf5 Bxf3 14. Rxf3 Qd4+ 15. Qxd4 cxd4 16. Ne2 Nd5 17. Bg5 Rc8 {½-½ (42) Kyrychenko,M (2209)-Praczukowski,S (2091) Lvov 2017}) 12. Ne2 gxf5 13. exf5 Qd5 14. Ng3 O-O-O 15. Bf4 Rhe8 (15... Rdg8 $14) 16. Rfe1 $16 Qd7 (16... b6 $16) 17. Ne5 $1 $18 {[%csl LRd7,LRf7]} Qd5 {[%csl Gc6][%cal Rd5g2]} 18. Qh3 {Nc4 is the strong threat.} Nd7 (18... b6 $16) 19. Nc4 {Strongly threatening f6!} Bf6 20. Ne4 Rg8 21. Re2 ({Wrong is} 21. Qxh7 $2 Rg4 $19) 21... Rdf8 22. Nxf6 (22. Qxh7 $2 Rh8 $17) 22... exf6 {[#]} 23. Nd6+ (23. Bg3 $1 $18) 23... Kb8 $16 24. Ne8+ (24. Ne4+ $16 Ka7 25. b3 (25. Qxh7 $2 Rh8 $19)) 24... Ka7 $11 25. Nd6 h5 26. Rae1 Rg4 27. Bg3 Rfg8 {aiming for ...Rxg3!} 28. Re8 {And now Nc8+ would win.} Rxe8 29. Rxe8 Nb6 30. Re2 Qxa2 31. Qxh5 Rg5 32. Qxf7 Qb1+ 33. Kf2 $1 {Hoping for b4.} Qh1 34. Qxf6 Qxg2+ 35. Ke1 Qh1+ (35... Qg1+ $11 36. Kd2 Rxg3 37. hxg3 Qxg3) 36. Kd2 $18 Rg8 37. Qe6 (37. Re1 $18 {has better winning chances.} Qf3 38. Kc1) 37... Bd5 $16 {[#]} 38. Re1 $36 {[%mdl 2048] White is in control.} Qg2+ 39. Qe2 {Threatens to win with Qxg2.} Qh3 (39... Rxg3 $16 40. hxg3 Qxg3) 40. Qe5 Qh6+ 41. Bf4 Qh4 42. Bg3 $2 ({White should play} 42. Kd1 $18) 42... Qg5+ $2 (42... Qh6+ $1 $11 {and Black has nothing to worry.} 43. Qf4 Qxf4+ 44. Bxf4 Nd7) 43. Qf4 $18 Qd8 (43... Qxf4+ {was worth a try.} 44. Bxf4 Nd7) 44. f6 Rf8 45. f7 Bc6 (45... Bxf7 $142 46. Nxf7 Qd7) 46. Qh4 Qd7 47. Qe7 Qg4 48. Kc1 (48. Qxf8 $142 Qg5+ 49. Kd1 (49. Ke2 {is a self mate.} Qe3+ 50. Kf1 Qf3+ 51. Bf2 Qg2+ {[%mdl 64] Double Attack} 52. Ke2 Bf3+ 53. Kd2 Qxf2+ 54. Re2 Qxe2+ 55. Kc1 Qe1#) 49... Bf3+ {[#]} 50. Re2 $1 {[%mdl 512]} Bxe2+ 51. Kxe2 Qe3+ 52. Kf1 Qf3+ 53. Ke1 Qe3+ 54. Kf1 Qf3+ 55. Ke1 Qe3+ 56. Kf1) 48... Nd7 49. Qh4 Qf3 50. Qf4 Qd5 51. b3 a5 52. Re8 Ka6 53. Rxf8 Nxf8 54. Qh6 c4 55. Qxf8 {Weighted Error Value: White=0.44/Black=0.63} 1-0

[Event "81st ARM-ch 1st League 2021"]
[Site "Yerevan"]
[Date "2021.01.24"]
[Round "3.3"]
[White "Barseghyan, Armen Ar."]
[Black "Danielyan, Vahe"]
[Result "1/2-1/2"]
[WhiteElo "2362"]
[BlackElo "2357"]
[Annotator "TA"]
[PlyCount "111"]
[EventDate "2021.01.20"]
[EventType "tourn"]
[EventCountry "ARM"]
[SourceTitle "playchess.com"]
[Source "ChessBase"]
[SourceQuality "1"]

{[%evp 20,111,87,72,98,88,82,97,98,86,81,92,172,168,197,193,183,157,243,221,282,241,233,247,197,0,223,235,221,215,214,113,106,99,169,129,122,80,75,10,36,21,12,0,0,0,0,0,0,7,21,30,29,23,55,90,228,155,523,189,208,184,184,39,39,29,56,40,47,47,224,86,106,58,245,206,175,154,135,111,460,463,439,443,895,906,1196,1176,778,-8,-8,-26,-12,-12]} 1. d4 Nf6 2. Nf3 b6 3. e3 Bb7 4. Bd3 e6 5. O-O Be7 6. c4 c5 7. Nc3 O-O 8. d5 exd5 9. cxd5 d6 10. e4 Nbd7 11. h3 Re8 {E14: Queen's Indian: Classical Variation (4 e3).} 12. Bf4 a6 13. a4 Nf8 {White is better.} 14. Bh2 Ng6 15. Nd2 {[#]} Bf8 $146 (15... Nd7 $16) ({Predecessor:} 15... Nd7 16. f4 Bf6 17. Kh1 Bd4 18. Nc4 Nf6 19. Qb3 Bxc3 20. bxc3 Nxe4 21. f5 Bxd5 22. fxg6 hxg6 {1-0 (48) Zhukova,N (2480)-Gunina,V (2516) Reykjavik 2015}) 16. f4 $18 Rc8 17. Qf3 c4 18. Bxc4 Qc7 (18... Nd7 $16 {keeps fighting.} 19. Qe2 Be7) 19. Kh1 Qc5 20. Qd3 Qb4 21. Bg1 (21. Bxa6 $2 Bxa6 22. Qxa6 Qxb2 $19) 21... Nh5 22. Bh2 (22. Bxa6 $2 Bxa6 23. Qxa6 Qxb2 $19) 22... Nf6 $1 23. b3 ({Don't blunder} 23. Bxa6 $2 Bxa6 24. Qxa6 Qxb2 $19) 23... Nd7 24. Na2 Qa5 25. Qc3 (25. Rfb1 $18 Nf6 26. b4 Qxa4 27. Nc3) 25... Qxc3 $16 26. Nxc3 f5 (26... Be7 $16 {was called for.}) 27. exf5 Ne7 28. g4 Nf6 29. Nf3 (29. Rae1 $16) 29... Nfxd5 {Threatening ...Rxc4.} 30. Nxd5 Nxd5 31. Bg1 {next Kh2 is good for White.} Kh8 32. Bxd5 Bxd5 33. Kh2 ({Don't go for} 33. Bxb6 $2 Re2 $19) 33... Rc2+ 34. Kg3 Ree2 {Hoping for ...Rg2+.} 35. Bd4 Bxb3 36. Rab1 Bd5 37. Rxb6 Rg2+ 38. Kh4 {And now f6 would win.} Rc4 $2 (38... Rc8 $16 {is a better chance.}) 39. f6 $2 (39. Rb8 Kg8 40. Re1 $1) 39... gxf6 $18 40. Bxf6+ Kg8 {[#]} 41. Ng5 ({White should try} 41. f5 $1 $18) 41... h6 $14 {[#]} 42. Rb8 $1 {Nh7! is the strong threat.} Rc7 {[#]} ({Reject} 42... hxg5+ $6 43. fxg5 Re2 44. g6 $16) 43. Rd1 $1 hxg5+ 44. Kxg5 Bc6 {[#]} (44... Be4 $14) 45. Rxd6 (45. Rc1 $1 $18 {is the precise move to win.}) 45... Kf7 $16 46. Rdd8 $36 {[%mdl 2048] White has the initiative.} Bh6+ 47. Kxh6 $18 Kxf6 48. Rb6 {Black must now prevent Rd6+.} Ke7 49. Rd3 {[%mdl 1024] White has strong compensation.} Bb7 $2 {[%mdl 8192]} (49... Bxa4 $16 {is more resistant.} 50. Rxa6 Bb5 51. Re3+ Kd7) 50. f5 Bc8 51. Kg6 {Threatens to win with f6+.} Re2 (51... Bxf5+ $142 52. Kxf5 Rf2+ 53. Kg6 a5) 52. f6+ Ke8 53. Rbd6 {[%csl Gd3][%cal Rd6d8]} Kf8 54. f7 $2 ({White should play} 54. Rd8+ $18 Re8 55. g5) 54... Rxf7 $11 55. Rc3 Bd7 56. Rxa6 {Weighted Error Value: White=0.50/Black=0.44} 1/2-1/2

[Event "81st ARM-ch 1st League 2021"]
[Site "Yerevan"]
[Date "2021.01.24"]
[Round "3.4"]
[White "Yeremyan, Alen"]
[Black "Hayrapetyan, Hovik"]
[Result "0-1"]
[WhiteElo "2274"]
[BlackElo "2488"]
[Annotator "TA"]
[PlyCount "96"]
[EventDate "2021.01.20"]
[EventType "tourn"]
[EventCountry "ARM"]
[SourceTitle "playchess.com"]
[Source "ChessBase"]
[SourceQuality "1"]

{[%evp 9,96,14,27,7,0,-20,-36,-24,-22,-30,-37,-35,4,-41,0,-27,-12,-1,0,0,0,0,0,0,16,-14,-15,-17,-14,-14,-14,-14,-14,-14,-14,-14,-15,-18,0,-29,-12,-26,0,-79,-43,-53,-36,-51,50,24,100,-62,0,0,0,0,0,0,0,0,47,41,101,103,100,0,4,0,11,0,-12,-8,0,0,0,0,0,-713,-691,-29939,-9310,-12849,-12831,-29958,-29959,-6170,-6095,-29987,-29985]} 1. Nf3 d5 2. g3 Nc6 3. d4 Bg4 4. Bg2 Qd7 5. h3 Bf5 6. Bf4 {D02: 1 d4 d5 2 Nf3 sidelines, including 2...Nf6 3 g3 and 2...Nf6 3 Bf4.} f6 7. Nc3 g5 8. Be3 {Black is slightly better.} O-O-O {[#]} 9. h4 $146 ({Predecessor:} 9. a3 e5 10. b4 e4 11. Nd2 h5 12. Nb3 Nh6 13. Nc5 Bxc5 14. bxc5 Na5 15. Bd2 {1-0 (42) Dijon,F (2060)-Py,W (2099) France 1998}) 9... g4 10. Nd2 e5 11. Nb3 (11. Bxd5 $2 exd4 12. Bxd4 Nxd4 $19) 11... Nb4 12. Rc1 c5 13. a3 (13. Nxc5 Bxc5 14. a3 (14. dxc5 d4 $17 {[%mdl 64] Double Attack}) 14... Na6 $17) (13. dxc5 $2 d4 $19) 13... Nc6 14. Nxd5 ({But not} 14. Nxc5 Bxc5 15. dxc5 d4 $15) 14... cxd4 {Threatens to win with ...Be6.} 15. Bd2 Be6 16. Nb4 Nxb4 17. Bxb4 (17. axb4 {looks sharper.} Bxb3 18. cxb3+ Kb8 19. O-O Bd6 20. e3) 17... Bxb4+ 18. axb4 Bxb3 19. cxb3+ Kb8 20. O-O Ne7 21. Rc5 b6 22. Rc4 f5 23. Qd2 Qd6 24. Rfc1 Rd7 25. b5 e4 26. Qg5 (26. Rd1 $1 $11) 26... h6 27. Qd2 Rhd8 28. Kh2 Rf8 ({Black should try} 28... Qf6 $15) 29. Rd1 $1 $14 {[%cal Rc4d4]} Rfd8 {[#]} (29... d3 $11 30. exd3 exd3) 30. Rdc1 $2 (30. Rxd4 $1 $16 Qxd4 31. Qf4+ Qd6 32. Rxd6 Rxd6 33. f3) 30... Kb7 (30... Qf6 $15) 31. Rc6 $11 Qe5 32. Rxh6 Qxb5 33. b4 Qe5 34. Qg5 Kb8 35. Rh7 d3 (35... Qe6 $14) 36. exd3 $16 exd3 {[#]} 37. Qd2 ({Better is} 37. Rd1 $1 $16 {[%cal Rd1d3] And now Rxd3! would win.} Qd6 38. Qd2) 37... f4 $1 $132 {[%cal Rf4g3][%mdl 2048] Black puts up resistance} 38. Re1 Qf6 39. b5 Rc7 {...f3 is the strong threat.} 40. gxf4 Qd6 41. Qe3 d2 42. Rd1 {Hoping for Qe4.} Nd5 43. Qe4 {[%mdl 8192] [#]} (43. Rxd2 $11 Rxh7 44. Rxd5 Rxh4+ 45. Kg1) 43... Rxh7 $1 $19 {[%mdl 64] Overworked Piece} ({Stronger than} 43... Qxf4+ 44. Qxf4 Nxf4 45. Rxc7 $11) 44. Qxh7 Qxf4+ {[%mdl 64] Double Attack} 45. Kh1 Qxf2 46. Qe4 Qxh4+ 47. Kg1 Qg5 48. Kh1 Qh6+ {Weighted Error Value: White=0.78/Black=0.13} 0-1

[Event "81st ARM-ch 1st League 2021"]
[Site "Yerevan"]
[Date "2021.01.24"]
[Round "3.5"]
[White "Shahinyan, David"]
[Black "Gharibyan, Mamikon"]
[Result "1-0"]
[WhiteElo "2452"]
[BlackElo "2432"]
[Annotator "TA"]
[PlyCount "87"]
[EventDate "2021.01.20"]
[EventType "tourn"]
[EventCountry "ARM"]
[SourceTitle "playchess.com"]
[Source "ChessBase"]
[SourceQuality "1"]

{[%evp 16,87,0,3,16,16,20,19,19,19,19,16,16,13,24,14,14,11,52,38,43,33,51,51,68,53,52,52,72,71,147,95,90,1,2,12,8,23,77,70,73,73,105,108,160,161,113,104,196,203,338,206,431,429,414,306,476,465,1435,1331,1453,1455,12806,12482,29982,29983,29985,29986,29986,29984,29984,29983,29985,29986]} 1. e4 e5 2. Nf3 Nc6 3. Nc3 Nf6 4. d4 exd4 5. Nxd4 Bb4 6. Nxc6 bxc6 7. Bd3 O-O 8. O-O d5 9. Bd2 Re8 {[#] 9...Rb8 is becoming the main line. C47: Scotch Four Knights and Four Knights with 4 g3.} 10. Nxd5 $1 Nxd5 11. exd5 Bxd2 {The position is equal.} 12. Qxd2 cxd5 13. Rfe1 Rxe1+ 14. Rxe1 Be6 {[#]} 15. b4 $146 ({Predecessor:} 15. Qf4 c5 16. c4 d4 17. h4 Rc8 18. h5 Qf6 19. Qxf6 gxf6 20. h6 {1-0 (32) Citra,D (2227)-Zvara,P (2370) Pardubice 2017}) 15... Qd6 16. a4 c5 17. bxc5 Qxc5 18. Rb1 a5 19. Qf4 Rc8 20. Rb5 Qc3 21. h4 f6 22. Kh2 Bf7 ({Black should try} 22... Qe5 23. Kg3 Qc3) 23. Rb8 (23. g3 $142) 23... Be6 $16 24. Ba6 (24. Rb6 $16 Bd7 25. Rb7) 24... Rxb8 $11 25. Qxb8+ Kf7 26. Qa7+ Kg6 (26... Kf8 $11) 27. Bd3+ $16 f5 $1 28. g3 $36 {[%mdl 2048] White is on the roll.} Kf6 29. Qb8 Qc5 {[#]} (29... Ke7 $142) 30. Qd8+ $1 Kf7 {[#]} 31. Kg1 d4 (31... g6 $16 {was worth a try.}) 32. Bb5 $18 {White threatens Be8+ and mate.} Bc4 (32... Bd5 $142 33. h5 d3 34. Bxd3 Be6) 33. Qxa5 {Black must now prevent Be8+!} Bxb5 (33... Ke7 34. Qa6 Bxb5 35. axb5 Qxc2 36. Qa7+ Ke6 37. Qxd4 Qb1+ 38. Kh2 Qxb5) 34. Qxb5 Qxc2 {[%mdl 4096] Endgame KQ-KQ} 35. Qd7+ Kg6 (35... Kf8 {keeps fighting.} 36. Qxd4 Qc1+ 37. Kg2 Qc8) 36. Qxd4 Qa2 (36... Qc1+ $142 37. Kh2 Qc7) 37. Qb6+ Kh5 38. a5 {[%cal Ba4a5,Ba5a6,Ba6a7][%mdl 32]} h6 39. a6 g5 40. hxg5 {White mates.} hxg5 41. Qb7 f4 42. a7 fxg3 43. Qh7+ Kg4 44. f3+ {[%mdl 64] Decoy, Promotion.  Weighted Error Value: White=0.13/Black=0.51} 1-0

[Event "81st ARM-ch 1st League 2021"]
[Site "Yerevan"]
[Date "2021.01.24"]
[Round "3.6"]
[White "Harutyunian, Tigran K."]
[Black "Ohanyan, Emin"]
[Result "1/2-1/2"]
[WhiteElo "2549"]
[BlackElo "2255"]
[Annotator "TA"]
[PlyCount "82"]
[EventDate "2021.01.20"]
[EventType "tourn"]
[EventCountry "ARM"]
[SourceTitle "playchess.com"]
[Source "ChessBase"]
[SourceQuality "1"]

{[%evp 17,82,32,35,0,0,3,16,-14,-7,-36,-4,-14,-6,-6,-12,-22,-22,-15,0,0,0,0,0,0,-7,-33,-28,-35,-16,-54,-42,-128,-57,-60,-60,-97,-53,-53,-53,-53,-53,-63,0,0,0,0,0,0,0,0,0,0,0,0,0,0,0,0,0,0,0,0,0,0,0,0,0]} 1. d4 Nf6 2. Nf3 g6 3. c4 Bg7 4. Nc3 d5 5. Bg5 Ne4 6. Bh4 c5 7. e3 Nc6 8. cxd5 Nxc3 9. bxc3 Qxd5 10. Qb3 {D91: Grünfeld: 4 Nf3 Bg7 5 Bg5.} Qxb3 11. axb3 cxd4 12. exd4 e5 13. d5 {[#]} e4 $1 14. Nd2 {[#]} (14. O-O-O Ne5) 14... Nb4 {[%cal Rb4c2][%mdl 64] And now ...Nc2+ would win. Pin} 15. Nxe4 {Black must now prevent Rd1.} Nc2+ {[%mdl 64] Double Attack} 16. Kd2 Nxa1 17. Bb5+ {[%mdl 64] [#] Discovered Attack} Bd7 $146 ({Predecessor:} 17... Kf8 18. Rxa1 f5 19. Nc5 Bh6+ 20. f4 Bxf4+ 21. Kc2 g5 22. Nd3 Be3 23. Re1 a6 24. Rxe3 gxh4 {½-½ (46) Brunello,S (2555)-Yazici,U (2213) Antalya 2017}) 18. Nd6+ Kf8 19. Rxa1 ({But not} 19. Bxd7 Nxb3+ 20. Kc2 Nc5 $17) 19... Bxb5 20. Nxb5 Be5 21. Rxa7 (21. g3 {looks sharper.} h6 22. f4 Bg7 23. Kd3 a6 24. d6) 21... Rxa7 22. Nxa7 $11 {[%mdl 4096] Endgame KRB-KBN} Ke8 23. Nb5 Kd7 {[%mdl 1024] Black has compensation.} 24. Na3 (24. Bg3 $15 Bxg3 25. hxg3) 24... Kd6 ({Better is} 24... Ra8 $17 25. Nc2 Bxh2) 25. c4 $15 Ra8 26. Nc2 Ra2 27. Bg3 $1 Bxg3 28. hxg3 {KR-KN} b5 29. Kc3 bxc4 (29... h5 $15) 30. bxc4 $11 {The position is equal.} Kc5 31. Kb3 Ra8 32. Kc3 Ra4 33. Kb3 Ra8 34. Kc3 f5 35. Nd4 Ra3+ 36. Nb3+ Kd6 37. f3 g5 38. Kb2 Ra4 39. Kc3 Ra3 40. Kb2 Ra4 41. Kc3 Ra3 {Weighted Error Value: White=0.11/Black=0.08} 1/2-1/2

[Event "81st ARM-ch 1st League 2021"]
[Site "Yerevan"]
[Date "2021.01.24"]
[Round "3.7"]
[White "Melkonyan, Arshak"]
[Black "Vardanian, Haik G."]
[Result "1/2-1/2"]
[WhiteElo "2079"]
[BlackElo "2389"]
[Annotator "TA"]
[PlyCount "133"]
[EventDate "2021.01.20"]
[EventType "tourn"]
[EventCountry "ARM"]
[SourceTitle "playchess.com"]
[Source "ChessBase"]
[SourceQuality "1"]

{[%evp 14,133,5,6,11,4,0,-6,26,-12,-12,-15,-12,-8,0,-58,-37,-37,-39,-66,-52,-54,-53,-49,-42,-152,-160,-161,-150,-133,-151,-705,-237,-220,-224,-204,-119,-122,-122,-137,-139,-136,-139,-133,-108,-143,-137,-136,-134,-273,-286,-291,-238,-245,-249,-357,-306,-350,-340,-464,-464,-455,-423,-371,0,-436,-413,-408,-385,-401,-195,-183,-168,-183,-126,-132,-122,-163,-73,-80,-88,-82,-82,-101,-101,-101,-102,-91,-25,-25,-25,-163,0,0,0,-72,0,0,0,0,0,0,0,-9,-9,-48,-48,-62,0,0,0,0,0,0,0,0,0,0,0,0,0,0]} 1. d4 Nf6 2. Nf3 e6 3. e3 b6 4. Bd3 Bb7 5. O-O d5 6. b3 Bd6 7. Bb2 O-O 8. c4 dxc4 {E14: Queen's Indian: Classical Variation (4 e3).} 9. Bxc4 Nbd7 10. Nbd2 Qe7 {[#]} 11. Ne5 $146 ({Predecessor:} 11. Rc1 e5 12. dxe5 Nxe5 13. Nxe5 Bxe5 14. Bxe5 Qxe5 15. Nf3 Qa5 16. Qe2 Rae8 17. a4 {0-1 (26) Bereczki,J (2165)-Farkas,L (2190) Hungary 1996}) 11... c5 12. Ndf3 cxd4 13. Nxd7 Nxd7 14. exd4 (14. Qxd4 $11 Nf6 15. Be2) 14... Rad8 15. Qe2 Nf6 16. Bd3 Ba3 {White must now prevent ...Bxf3.} 17. Ne5 Bxb2 18. Qxb2 Nh5 19. Rfe1 (19. g3 $15) 19... f6 $1 $17 {[%cal Rf6e5]} 20. Nf3 Bxf3 21. gxf3 f5 {Threatens to win with ...Nf4.} 22. Qd2 (22. Bc4 $17) 22... Rxd4 $2 (22... Qh4 23. Kh1 Nf4 24. Rxe6 Nxe6) 23. Qe3 $19 {[#]} Nf4 $1 {[%mdl 512]} 24. Kh1 {[#]} Rxd3 ({Black should try} 24... Qg5 $1 $19 {[%csl Gf4][%cal Rg5g2][%mdl 512]} 25. Rg1 Qf6) 25. Qxf4 $17 Qb7 26. Kg2 Rf6 {aiming for ...Rxf3!} 27. Re3 Rg6+ 28. Kh1 Rd7 29. Rae1 Qd5 30. Re5 Qd2 31. Qc4 (31. Qxd2 $17 Rxd2 32. R5e2) 31... Qg5 $19 {[%csl Gg6][%cal Rg5g2]} 32. Qf1 Rd6 33. R5e3 h6 $40 {[%mdl 128] Black goes for the king.} 34. a4 (34. h3 {might work better.}) 34... Kh7 35. Rc1 Rd4 36. Rce1 Rh4 {( -> ...Qh5)} 37. h3 Qf4 38. Rc1 Qg5 39. Rce1 Qh5 40. Kh2 e5 41. Rxe5 Qxf3 (41... Qg5 $142 42. Kh1 Qf4) 42. R5e3 Qd5 {Hoping for ...Rd4.} 43. Rd1 Rd4 (43... Qc6 $19 {...Qc7+ is the strong threat.} 44. Rdd3 f4) 44. Rxd4 $17 Qxd4 {[%mdl 4096] Endgame KQR-KQR} 45. Qe2 f4 (45... Qd5 $19 {[%csl Gg6][%cal Rd5g2]} 46. Rf3 f4) 46. Rd3 Qa1 {[%csl Gg6][%cal Ra1g1]} 47. Rd1 Qc3 48. Qe4 {Strongly threatening Rd6.} Qc6 ({Reject} 48... Qxb3 $6 49. Rd6 $11) 49. Qxc6 Rxc6 {KR-KR} 50. Rd4 Rf6 ({Black should play} 50... Rc3 $17 51. b4 a6) 51. b4 $11 Kg6 52. Kg2 {[#]} (52. Rd5 $11) 52... Rf7 $2 (52... Kh5 $1 $19 53. Rd7 a5) 53. Rd5 $1 Kf6 54. Kf3 {[#]} (54. a5 $11 {remains equal.}) 54... Rc7 (54... Ke6 $1 $17 {[%cal Re6d5]} 55. Rd4 g5) 55. a5 bxa5 56. Rxa5 Rb7 57. Kg4 Ke6 58. Kh5 f3 59. Kg6 Rxb4 60. Rxa7 Rh4 (60... Rb2 $15 61. Kxg7 Rxf2 62. Kxh6 Rg2) 61. Ra6+ {The position is equal.} Ke7 62. Kxg7 h5 $1 63. Kg6 Rxh3 64. Ra3 Ke6 65. Kg5 Ke5 66. Re3+ Kd4 67. Kf4 {Black had all chances to win.  Weighted Error Value: White=0.32/Black=0.44} 1/2-1/2

[Event "81st ARM-ch 1st League 2021"]
[Site "Yerevan"]
[Date "2021.01.25"]
[Round "4.1"]
[White "Sargsyan, Anna M."]
[Black "Vardanian, Haik G."]
[Result "0-1"]
[WhiteElo "2402"]
[BlackElo "2389"]
[Annotator "TA"]
[PlyCount "122"]
[EventDate "2021.01.20"]
[EventType "tourn"]
[EventCountry "ARM"]
[SourceTitle "playchess.com"]
[Source "ChessBase"]
[SourceQuality "1"]

{[%evp 15,122,18,70,70,81,66,68,58,70,65,77,67,75,35,77,72,99,72,87,81,86,77,125,120,100,0,15,17,22,12,11,0,25,-151,-148,-172,-174,-226,-133,-133,-133,-133,-132,-131,-123,-131,-133,-135,-133,-141,-110,-116,-116,-193,-129,-136,-136,-129,-129,-129,-129,-129,-129,-148,-147,-209,-147,-255,-255,-255,-255,-255,-255,-255,-255,-260,-241,-712,-450,-997,-205,-552,-205,-205,-205,-958,-743,-1129,-1127,-1111,-1111,-1083,-1083,-946,-664,-29970,-29971,-29975,-29976,-29976,-29977,-29977,-29978,-29983,-29984,-29984,-29985,-29985,-29986]} 1. d4 Nf6 2. c4 e6 3. Nf3 Bb4+ 4. Bd2 Qe7 5. g3 d5 6. Bg2 O-O 7. O-O Bxd2 8. Nbxd2 {8.Qxd2 is not played anymore.} Nc6 ({Black should try} 8... b6 $11) 9. Rc1 {E11: Bogo-Indian.} Rd8 10. a3 a5 11. e3 {White is slightly better.} Bd7 12. Qc2 Be8 13. Rfd1 a4 {[#]} 14. Bf1 $146 ({Predecessor:} 14. Ne5 Rac8 15. Nxc6 Bxc6 16. cxd5 exd5 17. Nf3 Bb5 18. Bh3 Ra8 19. Ne5 c6 20. Re1 {½-½ (35) Krupenski,J (2417)-Klabis,R (2348) Liepaja 2017}) 14... Ra5 15. cxd5 Raxd5 16. Nc4 Na5 {With the idea ...Nb3.} 17. Nxa5 (17. Nfd2 {is interesting.} h6 18. h4 Rb5 19. Ne5 Rb6 20. Qc3) 17... Rxa5 18. Ne5 ({Reject} 18. Qxc7 Qxc7 19. Rxc7 Bc6 $11) 18... c5 19. Nc4 $1 {[%cal Rc4a5]} Rb5 20. Ne5 ({White should play} 20. Qxa4 $16 cxd4 21. Nd6 $1 (21. exd4 Rxb2 22. Qa7 Rb5 $11) (21. Rxd4 Rxd4 22. exd4 Rxb2 $11)) 20... Ra5 $11 21. Qc3 b6 22. Nc4 cxd4 23. Rxd4 Rc8 24. Rdd1 $2 (24. Rcd1 $11) 24... Rac5 $1 $17 25. Qb4 {[#]} Qc7 {Threatens to win with ...b5.} 26. Rc3 {[#]} (26. Ra1 $142 Nd5 27. Qe1) 26... Nd5 (26... Ne4 $1 $19 {[%cal Re4c3]} 27. Rc2 f5) 27. Rxd5 exd5 28. Nxb6 Rxc3 29. bxc3 Rd8 30. Nxa4 Bxa4 31. Qxa4 Qxc3 {[%mdl 4096] Endgame KQR-KQB} 32. Qa7 g6 33. a4 Rc8 34. a5 (34. Qd7 $17) 34... Qa1 (34... Qf6 $19 35. Qd4 Qxd4 36. exd4 Rc2) 35. a6 Rc1 36. Qb8+ Kg7 37. Qb5 Rb1 38. Qd3 Rd1 $36 {[%mdl 2048] Black is really pushing.} 39. Qb5 Rd2 {aiming for ...Qe1!} 40. Qb8 (40. Qb4 $17 Rd1 41. Qb5) 40... Ra2 41. Kg2 (41. Qb3 $17) 41... Qf6 $19 42. Qf4 Qxf4 43. gxf4 {KR-KB} f5 44. Bb5 Kf6 45. h4 Ra5 46. Bf1 (46. Bd3) 46... h5 47. Kg3 (47. Bd3 $142 Ke6 48. Kh1) 47... Ra3 $2 (47... Ke7 48. Kg2 Kd6) 48. Kg2 $2 (48. Bb5 {nothing else works.}) 48... Ke6 $2 (48... Rb3 49. Kf3 Ra3) 49. Bb5 Ra5 50. Bf1 (50. Be8) 50... Kd6 51. Kg3 Kc5 52. Kg2 Ra3 53. Kh2 d4 54. exd4+ Kxd4 55. f3 Rxf3 {Black mates.} 56. Bg2 Ra3 57. Bb7 Ke3 58. Kg3 Ra4 59. Bc8 Rxf4 60. Bd7 Rf1 61. Bc6 Ra1 {Weighted Error Value: White=0.67/Black=0.29} 0-1

[Event "81st ARM-ch 1st League 2021"]
[Site "Yerevan"]
[Date "2021.01.25"]
[Round "4.2"]
[White "Ohanyan, Emin"]
[Black "Melkonyan, Arshak"]
[Result "1/2-1/2"]
[WhiteElo "2255"]
[BlackElo "2079"]
[Annotator "TA"]
[PlyCount "97"]
[EventDate "2021.01.20"]
[EventType "tourn"]
[EventCountry "ARM"]
[SourceTitle "playchess.com"]
[Source "ChessBase"]
[SourceQuality "1"]

{[%evp 18,97,8,24,25,7,13,8,8,8,8,8,0,0,14,4,11,25,23,24,26,17,23,31,33,35,35,37,37,27,27,27,27,33,28,28,28,27,36,36,36,36,36,11,14,0,0,0,0,0,0,0,0,0,0,0,0,5,18,0,0,0,0,0,0,1,1,0,8,8,8,0,9,0,0,-5,0,0,0,0,0,0]} 1. e4 c6 2. d4 d5 3. Nc3 dxe4 4. Nxe4 Bf5 5. Ng3 Bg6 6. h4 h6 7. Nf3 e6 8. Ne5 Bh7 9. Bd3 Bxd3 10. Qxd3 Nd7 {B19: Classical Caro-Kann: 4...Bf5 main line.} 11. f4 Be7 12. Bd2 Nxe5 13. fxe5 {With the idea 0-0.} Bxh4 14. O-O-O Bxg3 15. Qxg3 Ne7 16. Qxg7 {[%mdl 64] [#] Double Attack} Rg8 17. Qxh6 Qd5 18. Kb1 {Strongly threatening Bg5.} Qxg2 19. Bb4 Nf5 20. Qf6 {[#] Threatens to win with Rdf1.} Qg7 21. Qxg7 Nxg7 {[#]} 22. Rdg1 $146 {aiming for Rg4.} ({Predecessor:} 22. Rhg1 O-O-O 23. Rdf1 Nf5 24. c3 b6 25. a4 a5 26. Ba3 Kb7 27. Ka2 Rh8 28. Rh1 {½-½ (36) Papp,P (2313)-Girya,O (2484) Riadh 2017}) 22... O-O-O 23. Rh7 Nf5 24. Rxg8 Rxg8 $11 {[%mdl 4096] Endgame KRB-KRN} 25. c3 Rg1+ 26. Kc2 Rg2+ 27. Kb3 Rg3 28. Ka4 Rg2 29. Ba3 Rg7 30. Rh8+ Kc7 {The position is equal.} 31. Ra8 b6 $1 32. Kb3 Kb7 33. Rf8 Kc7 34. Kc4 Rh7 35. Kd3 Rg7 36. Ke4 Rg4+ 37. Kf3 Rg3+ 38. Kf4 Rg7 39. Ra8 Kb7 40. Rd8 Kc7 41. Rf8 a5 42. Ke4 Rg4+ 43. Kd3 Rg7 44. Rh8 Kd7 45. Kc2 Kc7 46. Kb3 Rg3 47. Ka4 Rg4 48. Rf8 Rg7 49. b3 {Weighted Error Value: White=0.03/Black=0.01} 1/2-1/2